Writing for business results / (Record no. 5927)

MARC details
000 -LEADER
fixed length control field 00976pam a2200169 a 4500
020 ## - INTERNATIONAL STANDARD BOOK NUMBER
ISBN 1556238541 (recycled paper)
050 00 - CALL NUMBER
Classification number HF5718.3
Item number .S44
100 1# - AUTHOR
Personal name Seraydarian, Patricia E.,
245 10 - TITLE
Title Writing for business results /
Statement of responsibility, etc Patricia E. Seraydarian.
260 ## - PUBLICATION INFORMATION
Place of publication Burr Ridge, Ill. :
Name of publisher Business One Irwin/Mirror Press,
Year of publication c1994.
300 ## - DESCRIPTION
Number of Pages xiii, 93 p. :
Other physical details ill. ;
Dimensions 26 cm.
440 #4 - SERIES
SERIES The Business skills express series
505 ## - FORMATTED CONTENTS NOTE
Table of Content Self Assessment<br/>Chapter 1 Letters<br/>Chapter 2 Interoffice Memos<br/>Chapter 3 The Five C's of good writing<br/>Chapter 4 The writer's Edge<br/>Chapter 5 Using the right word<br/>Post test <br/>Sample letters<br/>Suggested solutions
650 #0 - SUBJECTS
Topical Term Business writing.
650 #0 - SUBJECTS
Topical Term English language
General subdivision Business English.
942 ## - ADDED ENTRY ELEMENTS (KOHA)
Koha item type Books
Holdings
Withdrawn status Lost status Collection code Home library Current library Shelving location Date acquired Full call number Accession Number Koha item type
    Reference Methodist University Library Main Methodist University Library Main General Stacks 15/08/2002 HF5718.3 .S44 25582 Books
    Reference Methodist University Library Main Methodist University Library Main General Stacks 15/08/2002 HF5718.3 .S44 25581 Books
Copyright © 2026  MUG Library